000 00612nam a2200241Ia 4500
003 OSt
005 20220924122014.0
006 a|||||r|||| 00| 0
007 ta
008 220923b |||||||| |||| 00| 0 ben d
024 _a292517
037 _cTextual
040 _aARTS
_cARTS
_bben
041 _2ben
_aben
082 _aO157,1H33:g, L9
100 _aChattopadhyay
_9176213
245 0 _aJivan silpi sukanta
260 _aKolkatta
_c1979
300 _a208p.
_ccm.
650 _aBENGALI LITERATURE
942 _hO157,1H33:g, L9
_cTEXL
_2CC
999 _c409820
_d409820